000 01111nam a22003497a 4500
001 BR0202487
003 BR-BrBNA
005 20230928101056.0
007 ta
008 230509b bl.||||| |||| 00| 0 por d
040 _aBR-BrBNA
_bpor
_cBiblioteca Nacional de Agricultura
041 _a(Por)
072 _aL73; L70
_b5100
_b4120
090 _ 5100 BR0202487
100 1 _aReis Junior, J.L.
110 1 _aUniversidade Federal de Viçosa, Belo Horizonte (Brasil). Escola de Veterinária
_0Tese (Mestre em Medicina Veterinária)
_911003
245 1 _aEstudo anatomopatológico, imunohistoquímico e morfométrico da pitiose em eqüinos naturalmente infectados
260 3 _aBelo Horizonte, MG (Brasil):
_c2001.
300 _a44 p.
500 _aSummaries (Eng, Por); Bibliography p. 41-44; 14 illus.
650 _aEQÜINO
650 _aFUNGO
650 _aLESÃO CUTÂNEA
650 _aINFECÇÃO
650 _aEPIDEMIOLOGIA
650 _aDIAGNÓSTICO
650 _aINFESTAÇÃO
650 _aIMUNOLOGIA
650 _aHISTOQUÍMICA
909 _a202309
_bLucia
_c55
_dLucia Elande
942 _cBK
999 _c64140
_d64140